[Event "Metz op 30th"]
[Site "Metz"]
[Date "2012.04.23"]
[Round "3"]
[White "Cornette, Matthieu"]
[Black "Donchenko, Anatoly G"]
[Result "1-0"]
[WhiteElo "2545"]
[BlackElo "2376"]
[Annotator "Metz Alekhine/Primel,D"]
[PlyCount "77"]
[EventDate "2012.04.14"]
[EventType "swiss"]
[EventRounds "9"]
[EventCountry "FRA"]
[SourceTitle "EXT 2013"]
[Source "ChessBase"]
[SourceDate "2012.11.22"]
[SourceVersion "1"]
[SourceVersionDate "2012.11.22"]
[SourceQuality "1"]

1. d4 {01h30} d5 2. c4 dxc4 3. e4 (3. e3) 3... e5 4. Nf3 exd4 5. Bxc4 Nc6 (5...
Bb4+) 6. O-O Be6 7. Bb5 Bc5 8. b4 ({Pertinent:} 8. Nbd2 Nge7 9. Ng5 Qd7 10.
Ndf3 Ng6 11. Nxe6 fxe6 12. Ne1 a6 13. Ba4 b5 14. Nd3 Bb6 15. Bc2 Nce5 16. f4
Nxd3 17. Bxd3 c5 18. b3 Rc8 19. Bd2 O-O 20. Rc1 e5 21. f5 Nh8 22. Rf3 Rf6 23.
a4 Nf7 24. Rh3 Bd8 25. axb5 axb5 26. Qe2 Nd6 27. g4 Rf8 28. g5 g6 29. Rh6 gxf5
30. exf5 e4 31. Rxd6 exd3 32. Rxd7 dxe2 33. f6 c4 34. bxc4 bxc4 35. Kf2 d3 36.
Rg7+ Kh8 37. Bc3 Bb6+ {Gajewski,G (2622)-Socko,B (2635) Warsaw 2012 0-1}) 8...
Bb6 9. a4 a6 10. Bxc6+ bxc6 11. a5 Ba7 12. Bb2 Nf6 13. Bxd4 Nxe4 14. Bxa7 Qxd1
15. Rxd1 Rxa7 16. Nd4 Bd5 17. f3 Nf6 18. Nc3 {55 C'est toujours théorique mais
le français n'a pas joué trés rapidement l'ouverture} O-O {[%csl Ra6,Ra7,Rc7]
Malgré le P supplémentaire, la position Noire est trés passive} 19. Nxd5 $146 (
19. Rab1) (19. b5 $1 axb5 (19... cxb5 20. Nxd5 Nxd5 21. Nc6) (19... Rb8 20.
Nxd5 cxd5 21. Nc6) 20. Nxd5 Nxd5 21. Nxc6) ({Prédécesseur (2):} 19. Rab1 Rb7
20. Na4 Rfb8 21. Nc2 Nd7 22. Nc3 Nf6 23. Kf2 h5 24. Na4 Nd7 25. Nc3 Nf6 26. Na4
Nd7 {1/2-1/2 (26) Wagner,D (2456)-Eliseev,U (2495) Maribor 2012}) 19... cxd5
20. Rdc1 Rfa8 {[%csl Ra7,Ra8] Un coup très laid} 21. Rc5 (21. Kf2 {[%cal Gd4b3,
Gf2e3,Ge3d4,Gd4c5]}) 21... g6 22. g4 h6 23. h4 Rb7 24. Nc6 $1 {Les Noirs sont
proches du zuzwang} Kf8 25. Kf2 Ne8 26. Rxd5 Nd6 27. Re1 Re8 28. Rde5 Rxe5 29.
Rxe5 Nb5 30. Ke3 Nd6 31. Kd3 Nc8 32. Kc3 Nd6 {Les Noirs sont proches du
zugzwang avec une Rb7 enfermée} 33. Re7 Nb5+ 34. Kc4 Nd6+ 35. Kb3 h5 (35... Kg7
{Moins affaiblissant}) 36. Rd7 (36. gxh5 gxh5 37. Re5 {[%csl Gh4][%cal Gh4h8]})
36... hxg4 37. fxg4 f5 38. gxf5 gxf5 39. h5 1-0

[Event "EU-ch 11th"]
[Site "Rijeka"]
[Date "2010.03.06"]
[Round "1"]
[White "Pashikian, Arman"]
[Black "Ris, Robert"]
[Result "1-0"]
[WhiteElo "2652"]
[BlackElo "2422"]
[Annotator "Mikhalchishin,A"]
[PlyCount "95"]
[EventDate "2010.03.06"]
[EventType "swiss"]
[EventRounds "11"]
[EventCountry "CRO"]
[SourceTitle "CBM 136"]
[Source "ChessBase"]
[SourceDate "2010.05.18"]
[SourceVersion "1"]
[SourceVersionDate "2010.05.18"]
[SourceQuality "1"]

1. d4 d5 2. c4 dxc4 3. e4 e5 4. Nf3 exd4 5. Bxc4 Bb4+ {New fashion, dictated
by top QGA specialist GM Rublevsky.} ({The QGA TABIYAH is still alive and
promises Black quite serious counterplay} 5... Nc6 6. O-O Be6 7. Bxe6 fxe6 8.
Qb3 Qd7 9. Qxb7 Rb8 10. Qa6 Nf6 11. Nbd2 (11. Qe2 Bc5 12. e5 d3 $1 13. Qe1 Nh5
14. Be3 Bb4 15. Qc1 O-O 16. Qc4 Rxf3 $1 17. gxf3 Nxe5 18. Qe4 Qd5 19. Kg2 Nf6
20. Qxd5 Nxd5 21. b3 Rf8 {1/2 Beliavsky,A (2646)-Godena,M (2537)/Budva MNE
2009. with sufficient counterplay for the exchange.}) 11... Bd6 12. b3 O-O 13.
Bb2 e5 14. Rac1 Ne7 $2 (14... Nb4 {was the correct move and led to serious
Black counterplay}) 15. Bxd4 $1 exd4 16. e5 Nf5 17. Qc4+ Kh8 18. exd6 Qxd6 19.
Qxc7 Qa6 20. Rc5 {1-0 Beliavsky,A (2648)-Nikolic,P (2603)/Rogaska Slatina SLO
2009/CT-3346 (34)}) 6. Bd2 ({Generally speaking, a much more aggressive and a
serious continuation is to avoid exchanges:} 6. Nbd2 Nc6 7. O-O Nf6 8. e5 Nd5
9. Nb3 Nb6 10. Bb5 ({Another option would be} 10. Bg5 Be7 11. Bxe7 Qxe7 12. Bb5
Bd7 13. Bxc6 (13. Re1 O-O-O 14. Rc1 d3 15. Qd2 Be8 16. Nc5 Rd5 17. e6 Rxc5 18.
exf7 Rxc1 19. fxe8=Q+ Rxe8 20. Qxc1 Qf7 21. Rxe8+ Qxe8 22. Bxd3 h6 {with equal
play.}) 13... Bxc6 14. Nfxd4 Bd5 15. Qg4 O-O 16. f4 g6 17. Nf5 Qd7 18. Ne3 Qxg4
19. Nxg4 Bxb3 20. Nf6+ {1-0 Eljanov,P (2717)-Stevic,H (2624)/Novi Sad SRB 2009
(138). The white advantage is not big, but Black has to suffer a bit.}) 10...
Qd5 11. Bxc6+ bxc6 12. Qxd4 Qxd4 13. Nfxd4 Bd7 14. Bg5 h6 15. Bh4 c5 16. Nc2 (
16. a3 $5 Bxa3 17. Rxa3 cxd4 18. Nxd4 c5 19. Nb3 Na4 20. Nd2 Nxb2 21. Rb1 Na4
22. Rb7 {led to serious compensation for the pawn.}) 16... g5 17. Bg3 Be6 18.
Nxb4 cxb4 19. f4 gxf4 (19... O-O-O {was equalizing.}) 20. Rxf4 a5 21. Nc5 Nd5
22. Rd4 Rb8 {1/2 Wojtaszek,R (2630)-Degraeve,J (2558)/Mulhouse FRA 2009. Black
is still fighting for the draw.}) 6... Bxd2+ 7. Nbxd2 Qf6 ({It would be better
to try rapid development} 7... Nc6 8. O-O Nf6 (8... Qf6 9. b4 Bg4 10. Qa4 Nge7
11. e5 Qh6 12. h3 Be6 13. b5 Nd8 14. Nb3 O-O 15. Nbxd4 c6 16. bxc6 Nexc6 17.
Bxe6 Nxe6 18. Nxc6 bxc6 19. Qxc6 Rac8 20. Qe4 {1-0 Wojtaszek,R (2614)-Heberla,
B (2506)/Lublin POL 2008. White's extra pawn will decide the fate of the game.}
) 9. e5 Nd5 10. Qb3 Na5 11. Qa4+ Nc6 12. Qb3 Na5 13. Qb5+ c6 14. Qc5 Qb6 15.
Qxb6 Nxb6 16. Bd3 c5 17. Rac1 Nd7 18. Ne4 b6 19. Nd6+ Ke7 20. Be4 Rb8 21. b4
Nb7 22. Nb5 Nd8 23. Nxa7 Bb7 24. Bxb7 Rxb7 25. Nc8+ Ke6 26. Nd6 Ra7 (26... Nxe5
$5 27. Nxb7 Nxf3+ 28. gxf3 Nxb7 29. Rfe1+ Kd6 {looked risky, but two connected
passed pawns promise bright prospects for Black.}) 27. Ng5+ Kd5 {1/2 Wojtaszek,
R (2637)-Nikolic,P (2626)/Werder Bremen GER 2007. with equal play.}) 8. O-O ({
Possible is the immediate recapture of the d4-pawn:} 8. Nb3 Nc6 9. e5 Qg6 10.
Nbxd4 Nge7 11. e6 Bxe6 12. Nxe6 fxe6 13. O-O O-O 14. Re1 Kh8 15. Rxe6 Qg4 16.
Qe2 Ng6 17. h3 Qf5 18. Qe4 Qh5 19. Qg4 Qxg4 20. hxg4 Rf4 21. Rae1 Raf8 22. R6e4
Rxe4 23. Rxe4 Rf4 24. Re8+ Rf8 25. Re3 h6 26. g5 {1-0 Svidler,P (2750)
-Dominguez Perez,L (2713)/Nice FRA 2010. White's advantage is rather small.}) (
{Another aggressive flank strategy is} 8. b4 Ne7 9. O-O O-O 10. Re1 Nbc6 11. b5
Na5 12. Bd3 Qb6 13. Rc1 Ng6 14. e5 Nf4 15. Qc2 h6 16. Bf1 d3 17. Qxc7 Qxb5 18.
a4 Qb6 19. Qxb6 axb6 20. g3 Ne2+ 21. Bxe2 dxe2 22. Rxe2 Rd8 23. Re4 Nc6 24. g4
Be6 25. h3 Bd5 26. Rf4 g5 27. Rf6 Kg7 28. Rd6 Nxe5 29. Rxd8 Nxf3+ 30. Nxf3 Rxd8
31. Rd1 Kf6 32. Nh2 Rd7 33. Nf1 {1/2 Sokolov,I (2690)-Kharlov,A (2593)/Tripoli
LBA 2004}) 8... Ne7 ({Stubborn materialism} 8... c5 9. e5 Qg6 10. Bb5+ Bd7 11.
Nc4 Bxb5 12. Nd6+ Kf8 13. Nxb5 {would destroy the future of the black king.})
9. e5 Qg6 (9... Qb6 {was possible, but a symmetrical position on the other
side of the board is safer and at the same time more aggressive.}) 10. Nxd4
Nbc6 11. N2f3 ({Not so pressing for Black is} 11. Nxc6 Nxc6 12. f4 O-O 13. Nf3
Bg4 14. Bd3 Qh6 15. Qa4 Rad8 16. Be4 $6 ({simple centralising was necessary} 
16. Rad1) 16... Bxf3 17. Rxf3 Rd4 18. Qc2 Nb4 19. Qe2 Qb6 20. Kh1 Rfd8 21. Raf1
Rd2 22. Qe1 Qd4 (22... Nxa2 {and the primitive materialism kept winning
chances.}) 23. e6 Rd1 24. Qxd1 Qxd1 25. e7 Qxf1+ 26. Rxf1 Re8 27. Rd1 f5 28.
Bxf5 Rxe7 29. g3 g6 {1/2 Aronian,L (2761)-Kramnik,V (2743)/Dortmund GER 2006.
with an equal ending.}) 11... O-O 12. e6 $1 {A very serious try to refute all
Black's strategy by transposing into a slightly better ending.} fxe6 (12...
Bxe6 13. Nxe6 fxe6 14. Re1 Rad8 15. Bxe6+ Kh8 16. Qb3 Na5 17. Qc3 Nac6 18. Rac1
{allows White to stay just a bit better.}) ({The tricky} 12... Kh8 13. Re1 Nxd4
14. Qxd4 Bxe6 15. Bxe6 fxe6 16. Qd7 Rxf3 17. Rxe6 Rf6 18. Rxe7 {allowed White
to obtain some slight chances in the endgame.}) 13. Re1 Nxd4 ({Worth trying
was a very sharp line, which demands practical tests:} 13... Rd8 14. Nxc6 Nxc6
15. Qb3 Na5 16. Rad1 Rf8 17. Bd3 Nxb3 18. Bxg6 Nc5 19. Rc1 b6 20. b4 Na6 21.
Be4 Rb8 22. Ne5 c5 {and White has compensation for the pawn, but Black's case
is perfectly alive.}) 14. Ne5 (14. Nxd4 {was not promising:} Rd8 15. Nxe6 Rxd1
16. Nf4+ Be6 17. Bxe6+ Qxe6 18. Nxe6 Rxa1 19. Rxa1 Nd5 {and White has to be
very careful with the opponent's queenside pawn majority.}) 14... Nf3+ $2 {
A slightly nervous move, the principial line was} (14... Qc2 15. Qxd4 Nf5 16.
Qc5 Qxb2 17. Qxc7 Nd4 {with powerful counterplay against f2.}) 15. Qxf3 Rxf3 ({
Still possible was} 15... Qc2 16. Re2 Rxf3 17. Rxc2 Rf5 18. Re1 c6 19. g3 Nd5 {
of course, White's pieces are very well placed, but there are no direct
threats and pawn is a pawn. As the great Najdorf used to say - my grandmother
taught me, that it is better to have an extra pawn, than to have a pawn less.})
16. Nxg6 Rf7 17. Ne5 Rf8 $146 ({The top specialist placed his rook properly:} 
17... Rf6 18. Rad1 Nd5 19. g3 c6 20. f4 a5 21. a3 g6 22. h4 Kg7 23. Rd2 Rf8 24.
Ree2 Rd8 25. Ba2 a4 26. Bb1 Ra5 27. Bc2 Bd7 28. Re4 b5 29. Nxd7 Rxd7 30. Rxe6
Rc7 31. Be4 b4 32. Rc2 {1/2 Pashikian,A (2663)-Rublevsky,S (2703)/Ohrid MKD
2009 (80)}) 18. Rad1 Nd5 19. g3 $1 ({The sign of cowardice was the recapturing
of the sacrificed pawn} 19. Bxd5 exd5 20. Rxd5 Be6 21. Rc5 Bxa2 22. Rxc7 Bd5
23. Rd1 Rac8 {and now White has to be careful - the black bishop can become
dangerous. Correct strategy for White is simply to improve his position and to
try to get more space.}) 19... c6 20. f4 a5 21. Rd2 Rd8 ({Much better was to
try to develop the rook from a8, as the bishop on c8 has an important function
- to protect the e6- pawn.} 21... a4 22. a3 Ra5) 22. a3 g6 23. h4 Kg7 24. Kf2
Bd7 $2 {Black decided to give the pawn back, but White will keep a positional
advantage.} ({Still preferable was} 24... a4 {and then ...Ra5.}) 25. Nxd7 Rxd7
26. Rxe6 Rad8 27. Bb3 ({After} 27. Bxd5 Kf8 28. Re5 Rxd5 29. Rexd5 Rxd5 30.
Rxd5 cxd5 31. Ke3 Ke7 32. Kd4 Ke6 33. g4 h5 {Black would have chances to get a
draw in the pawn ending.}) 27... Nc7 (27... Nf6 {would not allow the white
rook to come to the 7th rank.}) 28. Re7+ Rxe7 29. Rxd8 h5 $2 (29... Ne8 30. g4
Nf6 31. g5 Ng4+ 32. Kf3 h5 {was very risky, but, probably, the correct way of
activating his position.}) 30. Rg8+ Kf6 31. Bc2 Rg7 32. Rxg7 Kxg7 33. f5 $1 {
Correct, it is necessary to create a weakness, which is as far as possible
from the centre.} gxf5 34. Bxf5 Nb5 $6 ({Better was to transfer the knight to
the other side:} 34... Ne8 35. Ke3 Kf6 36. Be4 Ke5 37. Bf3 Ng7 {threatening ...
Nf5.}) 35. Ke3 Nd6 36. Bd3 c5 ({Better was once more} 36... Kf6 37. Be2 Nf5+
38. Kf4 Ng7) 37. Kf4 Kf6 38. Be2 a4 ({Of course, it is not possible to allow
the opponent's king to come towards one's own pawns, but this endgame is
clearly very difficult.} 38... Kg6 39. Ke5) 39. Bxh5 Nc4 40. Be2 Nxb2 41. Ke4
Ke6 42. g4 Kf6 43. g5+ Kg6 44. Kd5 b6 45. Ke5 {The black knight is cut off and
the queenside pawns can't do any harm to White.} c4 46. Kd4 b5 47. Kc3 b4+ 48.
Kxb4 1-0

[Event "EU-ch 13th"]
[Site "Plovdiv"]
[Date "2012.03.23"]
[Round "4"]
[White "Vallejo Pons, Francisco"]
[Black "Nabaty, Tamir"]
[Result "1-0"]
[WhiteElo "2693"]
[BlackElo "2559"]
[Annotator "Mikhalchishin,A"]
[PlyCount "49"]
[EventDate "2012.03.20"]
[EventType "swiss"]
[EventRounds "11"]
[EventCountry "BUL"]
[SourceTitle "CBM 148"]
[Source "ChessBase"]
[SourceDate "2012.05.16"]
[SourceVersion "1"]
[SourceVersionDate "2012.05.16"]
[SourceQuality "1"]

1. d4 d5 2. c4 dxc4 3. e3 e5 4. Bxc4 exd4 5. exd4 Bd6 6. Nf3 Nf6 7. Qe2+ {
This check is a bit unpleasant, as Black has to make a serious decision.} Qe7 (
{The simple retreat} 7... Be7 {looks possible and logical:} 8. O-O O-O 9. Nc3 (
{It is more logical to prevent the pin} 9. h3 a6 10. Nc3 Nc6 (10... b5 11. Bb3
Bb7 12. Re1 Bd6 (12... Nc6 13. d5) 13. Bg5 h6 14. Bh4 Bf4 15. Qd3 g5 16. Qg6+
Kh8 17. Qxh6+ Nh7 18. Ne2 Qd6 19. Qxd6 cxd6 20. Nxf4 Bxf3 21. Bxg5 Nxg5 22. h4
Nh7 23. gxf3 Nc6 24. Bd5 Rac8 25. Bxc6 Rxc6 26. Rac1 Rfc8 27. Re8+ Rxe8 28.
Rxc6 Re1+ 29. Kg2 a5 30. Rxd6 Rb1 31. Nd3 Rd1 32. Ne5 Rd2 33. Nxf7+ Kg7 34. Ng5
{1-0 Varga,Z (2520)-Bogdan,D (2410)/Pecs 1998}) 11. Re1 Bb4 12. Bg5 Bf5 13. a3
Bxc3 14. bxc3 Qd6 15. Nd2 Rae8 16. Qf3 Bc2 17. Rac1 Rxe1+ 18. Rxe1 b5 19. Bxf6
bxc4 20. Bg5 Bd3 21. Ne4 Bxe4 22. Qxe4 h6 23. Bf4 Qd7 24. Qe2 Na5 25. Qe7 Qxe7
26. Rxe7 Rc8 27. Bxc7 Nc6 28. Rd7 Nb8 29. Bxb8 Rxb8 30. Rc7 Rb3 31. Rxc4 Rxa3
32. Rc8+ Kh7 33. Kf1 Ra2 34. d5 a5 35. c4 a4 36. d6 Rd2 37. c5 {1-0 Malaniuk,V
(2527)-Karpatchev,A (2472)/Bastia 2010}) 9... Bg4 10. h3 Bxf3 11. Qxf3 Nc6 12.
Be3 Nxd4 13. Qxb7 c5 14. Nd5 Nxd5 15. Qxd5 Qxd5 16. Bxd5 Rad8 17. Bc4 Nc2 18.
Rad1 Nxe3 19. fxe3 Rxd1 20. Rxd1 Rd8 21. Rf1 Rf8 22. b3 g6 23. e4 Kg7 24. e5 h5
{1/2 Georgiev,K (2658)-Malakhatko,V (2524)/Roquetas de Mar ESP 2012}) 8. Qxe7+
Kxe7 ({I would prefer another capture} 8... Bxe7 9. O-O (9. Nc3 O-O 10. O-O a6
(10... Nc6 11. Re1 Bd6 12. Bg5 Nd7 13. Nb5 (13. a3 Nb6 14. Ba2 Bg4 15. Ne5 Bxe5
16. dxe5 Rfe8 17. Nd5 Nxd5 18. Bxd5 Rxe5 19. Rxe5 Nxe5 20. Bxb7 Rb8 21. Ba6
Rxb2 22. Be3 Be2 23. Bxe2 Rxe2 24. Bxa7 Nc4 25. a4 f6 26. g3 Na5 27. Kf1 Rc2
28. Be3 Kf7 29. Ke1 Ke6 30. Kd1 {1/2 Varga,Z (2565)-Chernin,A (2610)/Hungary
1998}) 13... Nb6 14. Bf1 Be6 15. a3 Bd5 16. Nd2 a6 17. Nxd6 cxd6 18. Rac1 Rfe8
19. Be3 Rac8 20. f3 Na5 21. Bf4 Rxe1 22. Rxe1 Nc6 23. Bxd6 Nxd4 {Wojtaszek,R 
(2637)-Heberla,B (2557)/Opole 2007; White can not exploit the power of the
bishop pair.}) 11. Re1 Bd6 12. Bg5 Nbd7 13. Ne5 b5 (13... Nb6 14. Bb3 Be6 15.
Bxf6 gxf6 16. Bxe6 fxe6 17. Nd3 Rae8 18. Ne4 Nd7 19. Rac1 Rf7 20. Rc2 Nf8 21.
Nxd6 cxd6 22. Rec1 e5 {Vedmediuc,S (2465)-Kosic,D (2502)/Porto Carras GRE 2011;
and Black will equalise slowly.}) 14. Bb3 Nb6 15. Nc6 Bd7 16. Ne7+ Kh8 17. Bxf6
gxf6 18. Ned5 Nxd5 19. Nxd5 {1/2 Vedmediuc,S (2465)-Rombaldoni,A (2459)/Porto
Carras GRE 2011}) (9. Bf4 Bd6 10. Be5 Nc6 11. O-O Be6 12. Nbd2 Bxe5 13. dxe5
Nd7 14. Rac1 O-O-O 15. Bxe6 fxe6 16. Nc4 h6 {Varga,Z (2564)-Firman,N (2526)/
Miskolc 2004; with a very solid position.}) 9... Be6 10. Bxe6 fxe6 11. Re1 Nc6
12. Nc3 (12. Rxe6) 12... Rd8 13. Rxe6 Nxd4 14. Nxd4 Rxd4 15. Be3 Rd7 16. Bc5
Kf7 17. Rxe7+ Rxe7 18. Bxe7 Kxe7 19. Re1+ Kf7 20. Rd1 Re8 {Khenkin,I (2632)
-Berkes,F (2682)/Plovdiv BUL 2012; with complete equality.}) 9. O-O Be6 10. Re1
Kd7 11. Ne5+ ({The bishop retreat} 11. Bf1 {is much less logical:} Nc6 12. Nc3
Nb4 13. Ne5+ Ke7 14. Re2 Rhd8 15. Bg5 Kf8 16. a3 Nbd5 17. Ne4 h6 18. Nxd6 cxd6
19. Bxf6 Nxf6 20. Ng6+ Kg8 21. Nf4 Bd7 {1/2 Cvitan,O (2526)-Stevic,H (2621)/
Rijeka CRO 2010}) 11... Bxe5 12. dxe5 Bxc4 13. exf6 gxf6 14. Nc3 {This is
stronger than another possible move:} (14. b3 Be6 15. Bb2 Ke7 $2 (15... b6 {
was much better:} 16. Bxf6 Rg8 17. Nd2 Kc6 18. Ne4 Nd7 19. Bh4 Kb7) 16. Nc3 Rd8
17. Ne4 Nd7 18. Rac1 Rac8 19. Ba3+ Ke8 20. f4 f5 21. Ng3 c5 22. Nxf5 Rc6 23.
Ne3 f6 24. Bb2 Kf8 25. Rcd1 f5 26. Rd2 Re8 27. g4 Nb6 28. h3 c4 29. Be5 cxb3
30. axb3 fxg4 31. hxg4 Bxb3 32. Nf5 Nc4 33. Bg7+ Kf7 34. Rd7+ {1-0 Cvitan,O 
(2498)-Stevic,H (2623)/Stari Mikanovci CRO 2011}) 14... c5 $2 ({Black had to
give up the pawn and to move his king out of the centre:} 14... Nc6 15. Ne4
Rad8 16. Nxf6+ Kc8 17. Bf4 Be6 18. b3 Nb4 19. Re2 b6) 15. Bf4 Nc6 16. Red1+ Ke6
$2 ({Black would retain real chances for a draw after} 16... Nd4 17. b3 Be6 18.
Nb5 Kc6 19. Nxd4+ cxd4 20. Rxd4 b6 21. Rc1+ Kb5) 17. b3 Ba6 ({There was the
risky but playable} 17... Kf5 18. bxc4 Kxf4 19. Rd5 f5 20. Rxc5 Rac8 $16) 18.
Rd6+ Kf5 19. Nd5 $18 Nd4 20. Rxf6+ Ke4 21. f3+ Kd3 22. Rd1+ Kc2 23. Rd2+ Kb1
24. Nc3+ Ka1 25. a4 1-0

[Event "Ankara FIDE GP (Women)"]
[Site "Ankara"]
[Date "2012.09.27"]
[Round "10"]
[White "Socko, Monika"]
[Black "Stefanova, Antoaneta"]
[Result "1/2-1/2"]
[WhiteElo "2463"]
[BlackElo "2502"]
[Annotator "Miroshnichenko,E"]
[PlyCount "38"]
[EventDate "2012.09.16"]
[EventType "tourn"]
[EventRounds "11"]
[EventCountry "TUR"]
[EventCategory "10"]
[SourceTitle "CBM 151"]
[Source "ChessBase"]
[SourceDate "2012.11.13"]
[SourceVersion "1"]
[SourceVersionDate "2012.11.13"]
[SourceQuality "1"]

1. d4 d5 2. c4 dxc4 3. e4 Nf6 4. e5 Nd5 5. Bxc4 Nb6 6. Bd3 Nc6 7. Be3 Nb4 8.
Be4 f5 9. exf6 exf6 10. Nc3 c6 ({The main move here is} 10... f5) 11. Nh3 $5 {
A novelty played after a long think. White managed to get an advantage in the
only game which had been played with this position before:} (11. a3 N4d5 12.
Qh5+ Ke7 13. Nge2 Be6 14. O-O Qe8 15. Qf3 Kf7 16. Nf4 Nxf4 17. Bxf4 Qd7 {
and here} 18. h3 {would underline White's advantage} ({Instead White played} 
18. Qh5+ Kg8 19. Rfe1 $2 {, and after} g5 $1 {found himself in trouble. 1/2
Khalifman,A (2626)-Mainka,R (2483)/Bad Wiessee 2010/})) 11... Bxh3 12. Qh5+ g6
13. Qxh3 f5 14. a3 N4d5 15. Bxd5 Nxd5 16. O-O Bg7 17. Rfe1 O-O 18. Bh6 Bxh6 19.
Qxh6 Nf6 {Black managed to equalise without any trouble. The further game was
more or less balanced and finlly a draw was agreed in a rook endgame with two
pawns versus two pawns on a kingside.} 1/2-1/2